00929nam a2200265Ia 4500003000400000005001700004008004100021020001800062040001800080041000800098082002100106100002700127245010100154250001600255260005100271300002500322650002900347650002900376650002800405650002700433700002900460942003000489999001900519952012500538OSt20220111184307.0210716s2011 xx 000 0 und d a9788131755341 cAIMIT LIBRARY aeng a001.42 21bGHAP aGhauri, Pervez.913009 aResearch Methods in Business Studies: bA Practical Guide /cby Pervez Ghaur and Kjell Gronhaug. a3rd. ed . - aNew Delhi:bDorling Kindersley Pvt Ltd,c2011. axviii,257p. ; 23 cm. aBusiness Methods.913010 aBusiness Studies.913011 aResearch Design.913012 aSecondary Data.913013 a Gronhaug, Kjell.913014 2ddccBKe3rdk001.42 GHAP c206753d206753 001040708MBAaAIMITbAIMITd2011-10-11g425.00l0o001.42 GHAPpMBA09319r2026-05-23 00:00:00v318.75w2021-07-16yBK